Export terminé — 

IELTS testbuilder = Tài liệu luyện thi IELTS

محفوظ في:
التفاصيل البيبلوغرافية
المؤلف الرئيسي: Sam McCarter
التنسيق: كتاب
اللغة:Undetermined
منشور في: Tp. HCM Tổng hợp Tp. HCM 2003
الموضوعات:
الوسوم: إضافة وسم
لا توجد وسوم, كن أول من يضع وسما على هذه التسجيلة!
Thư viện lưu trữ: Trung tâm Học liệu Trường Đại học Cần Thơ
LEADER 00592nam a2200217Ia 4500
001 CTU_60244
008 210402s9999 xx 000 0 und d
020 |b 24000 
082 |a 428.24 
082 |b M123 
100 |a Sam McCarter 
245 0 |a IELTS testbuilder = 
245 0 |b Tài liệu luyện thi IELTS 
245 0 |c Sam McCarter and Judith Ash 
260 |a Tp. HCM 
260 |b Tổng hợp Tp. HCM 
260 |c 2003 
650 |a english language 
650 |x examinations,study guides 
904 |i Minh 
980 |a Trung tâm Học liệu Trường Đại học Cần Thơ